Southville International School and Colleges
Your cart is empty.
  • Cart
  • Lists
    Public lists Eva Luna New books Lux_list list_1
    Your lists Log in to create your own lists
  • Log in to your account
  • Your cookies
  • Search history
Southville International School and Colleges
  • Advanced search
  • Recent comments
  • Most popular
  • Libraries

Log in to your account

Log in with GOOGLE


If you do not have an external account, but do have a local account, you can still log in:

  1. Home
  2. MARC view: Philippine health care factbook
Normal view MARC view ISBD view

Philippine health care factbook (Record no. 18276)

[ view plain ]
MARC details
000 -LEADER
fixed length control field 00709nam a22002297a 4500
003 - CONTROL NUMBER IDENTIFIER
control field OSt
005 - DATE AND TIME OF LATEST TRANSACTION
control field 20140310183014.0
008 - FIXED-LENGTH DATA ELEMENTS--GENERAL INFORMATION
fixed length control field 130212t xxu||||| |||| 00| 0 eng d
020 ## - INTERNATIONAL STANDARD BOOK NUMBER
International Standard Book Number 9719187735
050 ## - LIBRARY OF CONGRESS CALL NUMBER
Classification number RA 407.5.P6
Item number .P552 2002
245 ## - TITLE STATEMENT
Title Philippine health care factbook
Statement of responsibility, etc F. Marilyn E. Lorenzo
260 ## - PUBLICATION, DISTRIBUTION, ETC. (IMPRINT)
Place of publication, distribution, etc Manila :
Name of publisher, distributor, etc University of the Philippines Manila,
Date of publication, distribution, etc 2002.
300 ## - PHYSICAL DESCRIPTION
Dimensions 28 cm.
Extent 467 p. :
Other physical details ill. ;
521 ## - TARGET AUDIENCE NOTE
Target audience note
562 ## - COPY AND VERSION IDENTIFICATION NOTE
Number of copies 1
650 ## - SUBJECT ADDED ENTRY--TOPICAL TERM
Topical term or geographic name as entry element 1. Medical
General subdivision economics
-- Philippine
-- Statistics.
650 ## - SUBJECT ADDED ENTRY--TOPICAL TERM
Topical term or geographic name as entry element 2. Delivery of HealthCare--
General subdivision Philippines
-- Directory.
650 ## - SUBJECT ADDED ENTRY--TOPICAL TERM
Topical term or geographic name as entry element 3. Delivery of Healthcare
Form subdivision Statistics.
942 ## - ADDED ENTRY ELEMENTS (KOHA)
Source of classification or shelving scheme Library of Congress Classification
Koha item type Books
Call number prefix Local
Holdings
Withdrawn status Lost status Source of classification or shelving scheme Damaged status Home library Current library Shelving location Date acquired Total Checkouts Full call number Barcode Date last seen Copy number Price effective from Koha item type
    Library of Congress Classification   College Library College Library General Circulation Section 12/17/2013   RA 407.5.P6 .P552 2002 vol.1 C4744 05/15/2018 1 12/17/2013 Books
    Library of Congress Classification   College Library College Library General Circulation Section 12/17/2013   RA 407.5.P6 .P552 2002 vol.1 C4743 05/15/2018 2 12/17/2013 Books

Philippine health care factbook

APA

(2002). Philippine health care factbook. Manila: University of the Philippines Manila.

Chicago

2002. Philippine health care factbook. Manila: University of the Philippines Manila.

Harvard

(2002). Philippine health care factbook. Manila: University of the Philippines Manila.

MLA

Philippine health care factbook. Manila: University of the Philippines Manila. 2002.

  • Place hold
  • Print
  • Cite
  • Add to your cart (remove)
  • Save record
    BIBTEX Dublin Core MARCXML MARC (non-Unicode/MARC-8) MARC (Unicode/UTF-8) MARC (Unicode/UTF-8, Standard) MODS (XML) RIS
  • More searches
    Search for this title in:
    Other Libraries (WorldCat) Other Databases (Google Scholar) Online Stores (Bookfinder.com) Open Library (openlibrary.org)

Exporting to Dublin Core...

SOUTHVILLE LIBRARY

Southville International School and Colleges Library

1281 Tropical Ave. Cor. Luxembourg St., BF Homes International, Las Pinas City

Tel. No. 8256374 / 252358 Loc. 117/146

Powered by Koha